Northernmost, etc., countries by language Quiz Stats

 Plays Quiz not verified by Sporcle

Challenge
Share
Tweet
Embed
Score 0/24 Timer 06:00
0 Plays Today
Language Country % Correct
English (northernmost)Canada
98.5%
English (southernmost)New Zealand
93.3%
Spanish (northernmost)Spain
89%
Spanish (southernmost)Argentina (if South Sandwich Islands [disputed with the UK] are included) or Chile (if they aren't)
88.7%
English (westernmost)United States (Alaska)
84.6%
Portuguese (northernmost)Portugal
77.8%
Portuguese (southernmost)Brazil
75.1%
Spanish (westernmost)Mexico
71.1%
German (northernmost)Germany
70.5%
French (northernmost)Canada
70.3%
Portuguese (westernmost)Brazil
70%
Arabic (northernmost)Tunisia (if Zalita Island is included) or Iraq (if only mainland Tunisia is considered)
63.5%
Language Country % Correct
Arabic (westernmost) Morocco (if it includes Western Sahara) or Mauritania (if it doesn't)
59.1%
German (easternmost)Austria
49.9%
German (southernmost)Switzerland
48.6%
French (westernmost)Canada
47%
English (easternmost)Kiribati
44%
Arabic (easternmost)Oman
38.9%
German (westernmost)Belgium
35.3%
Portuguese (easternmost)Timor Leste
35.1%
Spanish (easternmost)Equatorial Guinea
31.6%
Arabic (southernmost)Comoros
30.4%
French (southernmost)Madagascar
28.3%
French (easternmost)Vanuatu
19.3%

You're not logged in!

Compare scores with friends on all Sporcle quizzes.
Join for Free
OR
Log In

You Might Also Like...

Show Comments

Extras

Top Quizzes Today


Score Distribution

Your Account Isn't Verified!

In order to create a playlist on Sporcle, you need to verify the email address you used during registration. Go to your Sporcle Settings to finish the process.

Report this User

Report this user for behavior that violates our Community Guidelines.

Details: